Statistics for Most Populated County by State

Click here to take the quiz!

General Stats

  • This quiz has been taken 17 times
  • The average score is 20 of 50

Answer Stats

StatePopulationCounty% Correct
California10,039,107Los Angeles
94%
Washington2,252,782King
75%
Pennsylvania1,584,064Philadelphia
69%
Illinois5,150,233Cook
63%
Colorado727,211Denver
63%
New York2,559,903Kings
63%
Maryland1,050,688Montgomery
63%
Missouri994,205St. Louis
63%
Idaho481,587Ada
56%
Alaska288,000Anchorage
56%
Texas4,713,325Harris
56%
Hawaii974,563Honolulu
56%
Florida2,716,940Miami-Dade
56%
Wisconsin945,726Milwaukee
56%
Georgia1,063,937Fulton
50%
Alabama658,573Jefferson
50%
Kentucky766,757Jefferson
50%
Arizona4,485,414Maricopa
50%
Utah1,160,437Salt Lake
50%
Michigan1,749,343Wayne
50%
Nevada2,266,715Clark
44%
Minnesota1,265,843Hennepin
44%
Oklahoma797,434Oklahoma
44%
Rhode Island638,931Providence
44%
Virginia1,147,532Fairfax
38%
Tennessee937,166Shelby
38%
New Mexico679,121Bernalillo
31%
Connecticut943,332Fairfield
31%
Mississippi231,840Hinds
31%
Wyoming99,500Laramie
31%
Indiana964,582Marion
31%
Massachusetts1,611,699Middlesex
31%
Oregon812,855Multnomah
31%
Delaware558,753New Castle
31%
New Jersey932,202Bergen
25%
Ohio1,316,756Franklin
25%
Kansas602,401Johnson
25%
Iowa490,161Polk
25%
North Carolina1,111,761Wake
25%
North Dakota181,923Cass
19%
Vermont163,774Chittenden
19%
Maine295,003Cumberland
19%
Louisiana440,059East Baton Rouge
19%
New Hampshire417,025Hillsborough
19%
South Dakota193,134Minnehaha
19%
Arkansas391,911Pulaski
19%
Nebraska571,327Douglas
13%
South Carolina523,542Greenville
13%
West Virginia178,124Kanawha
13%
Montana161,300Yellowstone
13%

Score Distribution

Percentile by Number Answered

Percent of People with Each Score

Your Score History

You have not taken this quiz